| 000 | 00787na a2200277 4500 | ||
|---|---|---|---|
| 001 | 13373 | ||
| 003 | MIRAKIL | ||
| 005 | 20181213155135.0 | ||
| 008 | 161010b tu 000 0 | ||
| 020 | _a9757115002 | ||
| 035 | _a13373 | ||
| 040 |
_aMilas _btur _cTR-AnCHP |
||
| 041 | _atur | ||
| 082 |
_a956.1 _bY37b 1996 |
||
| 090 | _a956.1 Y37b 1996 | ||
| 100 | _aYetkin, Çetin | ||
| 245 |
_aBaşlangıcından Atatürk'e Türk halk eylemleri ve devrimleri _cÇetin Yetkin |
||
| 250 | _agözd. gçrl. ve gnşl. 4. bs. | ||
| 260 |
_aAnkara _bÜmit Yayıncılık _c1996 |
||
| 300 |
_a422 s. _c24 sm. |
||
| 490 |
_aUfuk dizisi _v46 |
||
| 504 | _aKaynakça var. | ||
| 650 |
_aHalk eylemleri _xTarih _zTürkiye |
||
| 650 |
_aAtatürk devrimleri _xTarih _zTürkiye |
||
| 942 |
_2dcc _cBKS |
||
| 999 |
_c7325 _d7325 |
||